|
|
|
|
| LEADER |
01053nam a2200253 a 4500 |
| 001 |
007375654 |
| 008 |
100505s1994 enka b 001 0 eng d |
| 020 |
|
|
|a 0435240900 (pbk.)
|
| 040 |
|
|
|a Uk
|c Uk
|d BD-DhAAL
|
| 082 |
0 |
0 |
|a 428/.007
|2 19
|
| 100 |
1 |
|
|a Impey, Graham.
|
| 245 |
1 |
0 |
|a The ELT manager's handbook :
|b practical advice on managing a successful language school /
|c Graham Impey, Nic Underhill.
|
| 260 |
|
|
|a Oxford :
|b Heinemann English Language Teaching,
|c 1994.
|
| 300 |
|
|
|a viii, 184 p. :
|b ill. ;
|c 24 cm.
|
| 490 |
0 |
|
|a Teacher development series
|
| 504 |
|
|
|a Includes bibliographical references and index.
|
| 541 |
1 |
|
|e 00009397
|
| 650 |
|
0 |
|a English language
|x Study and teaching
|x Foreign speakers.
|
| 650 |
|
0 |
|a School management and organization.
|
| 650 |
|
0 |
|a Language schools.
|
| 700 |
1 |
|
|a Underhill, Nic.
|
| 852 |
4 |
|
|a Ayesha Abed Library
|j General Shelf
|
| 999 |
|
|
|c 8419
|d 8419
|
| 952 |
|
|
|0 0
|1 0
|2 ddc
|4 0
|6 428_007000000000000_IMP_1994
|7 0
|9 9834
|a BRACUL
|b BRACUL
|c GEN
|d 2010-05-06
|l 2
|o 428.007 IMP
|p 3010009397
|r 2013-08-04
|s 2013-07-25
|t 1
|w 2010-05-06
|y BK
|